[Event "Warsaw-ch opA 66th"]
[Site "Warsaw"]
[Date "2013.05.17"]
[Round "7"]
[White "Sujkowski, Pawel"]
[Black "Gorecki, Andrzej"]
[Result "1-0"]
[WhiteElo "1956"]
[BlackElo "2093"]
[PlyCount "75"]
[EventDate "2013.05.11"]
[EventType "swiss"]
[EventRounds "9"]
[EventCountry "POL"]
[SourceTitle "CBM 154 Extra"]
[Source "ChessBase"]
[SourceDate "2013.06.25"]
[SourceVersion "2"]
[SourceVersionDate "2013.06.25"]
[SourceQuality "1"]

1. e4 e6 2. d4 d5 3. Nc3 Nf6 4. e5 Nfd7 5. f4 c5 6. Nf3 Nc6 7. Be3 Be7 8. Qd2 0-0 9. dxc5 Nxc5 10. 0-0-0 a6 11. Nd4 Qc7 12. Bd3 b5 13. Nxc6 Qxc6 14. Ne2 b4 15. Kb1 a5 16. Nd4 Qc7 17. Nb3 Nxb3 18. cxb3 a4 19. Rc1 Qa5 20. bxa4 Qxa4 21. b3 Qa5 22. Rc2 Bd7 23. Rhc1 Rfc8 24. Rxc8+ Rxc8 25. Rxc8+ Bxc8 26. Qc2 Bd7 27. Bxh7+ Kh8 28. Bd3 Bb5 29. Qc8+ Bd8 30. Bxb5 Qxb5 31. Qxd8+ Kh7 32. Qh4+ Kg8 33. Qe1 Qd3+ 34. Kb2 Qe4 35. Qd2 g5 36. g3 f6 37. exf6 gxf4 38. gxf4 1-0

[Event "Warsaw-ch opA 66th"]
[Site "Warsaw"]
[Date "2013.05.11"]
[Round "1"]
[White "Gorecki, Andrzej"]
[Black "Grabarczyk, Miroslaw"]
[Result "0-1"]
[WhiteElo "2093"]
[BlackElo "2470"]
[PlyCount "48"]
[EventDate "2013.05.11"]
[EventType "swiss"]
[EventRounds "9"]
[EventCountry "POL"]
[SourceTitle "CBM 154 Extra"]
[Source "ChessBase"]
[SourceDate "2013.06.25"]
[SourceVersion "2"]
[SourceVersionDate "2013.06.25"]
[SourceQuality "1"]

1. d4 d5 2. c4 dxc4 3. e4 b5 4. a4 c6 5. axb5 cxb5 6. Nc3 Bd7 7. Nf3 e6 8. Be2 Bb4 9. 0-0 Ne7 10. Bg5 h6 11. Bh4 0-0 12. d5 Qb6 13. Ne5 Be8 14. Kh1 exd5 15. exd5 Nf5 16. Bg3 Bd6 17. Ng4 Nxg3+ 18. fxg3 Nd7 19. b3 cxb3 20. Bxb5 Ne5 21. Ra6 Qc5 22. Bxe8 Qxc3 23. Nxe5 Bxe5 24. Rf3 Qc2 0-1

[Event "Warsaw-ch opA 65th"]
[Site "Warsaw"]
[Date "2012.05.28"]
[Round "3"]
[White "Gorecki, Andrzej"]
[Black "Lasota, Adam"]
[Result "1-0"]
[WhiteElo "2102"]
[BlackElo "1875"]
[PlyCount "59"]
[EventDate "2012.05.26"]
[EventType "swiss"]
[EventRounds "9"]
[EventCountry "POL"]
[SourceTitle "CBM 148 Extra"]
[Source "ChessBase"]
[SourceDate "2012.06.22"]
[SourceVersion "1"]
[SourceVersionDate "2012.06.22"]
[SourceQuality "1"]

1. d4 Nf6 2. c4 g6 3. Nc3 d5 4. cxd5 Nxd5 5. e4 Nxc3 6. bxc3 Bg7 7. Nf3 c5 8. Rb1 b6 9. Bb5+ Bd7 10. Be2 0-0 11. 0-0 Bc6 12. d5 Bb7 13. c4 Qc7 14. Bg5 Re8 15. Bh4 Nd7 16. Bg3 Ne5 17. Ne1 f6 18. f4 Nf7 19. f5 Nd6 20. fxg6 hxg6 21. Qc2 Qd8 22. e5 Nf5 23. Rxf5 gxf5 24. e6 b5 25. Rxb5 Ba6 26. Rb3 Qa5 27. Qxf5 Qxa2 28. Bh5 Qxb3 29. Bf7+ Kf8 30. Qh7 1-0

[Event "Lodz Autumn"]
[Site "Lodz"]
[Date "2007.10.27"]
[Round "4"]
[White "Gorecki, Andrzej"]
[Black "Flis, Radoslaw"]
[Result "0-1"]
[WhiteElo "2119"]
[BlackElo "1937"]
[PlyCount "84"]
[EventDate "2007.10.19"]
[EventType "tourn"]
[EventRounds "9"]
[EventCountry "POL"]
[SourceTitle "EXT 2011"]
[Source "ChessBase"]
[SourceDate "2010.11.26"]
[SourceVersion "1"]
[SourceVersionDate "2010.11.26"]
[SourceQuality "1"]

1. d4 Nf6 2. c4 g6 3. Nc3 Bg7 4. e4 d6 5. Be2 0-0 6. Nf3 e5 7. 0-0 Nc6 8. d5 Ne7 9. Nd2 Ne8 10. b4 f5 11. f3 f4 12. c5 Nf6 13. Nc4 g5 14. a4 Ng6 15. Ba3 Rf7 16. b5 dxc5 17. Bxc5 h5 18. d6 Bf8 19. Qb3 cxd6 20. Rfd1 Be6 21. Bf2 Rd7 22. Nd5 Nxd5 23. exd5 Bf5 24. b6 a6 25. Na5 g4 26. Rac1 Qg5 27. Rc7 g3 28. hxg3 fxg3 29. Be3 Qh4 30. Kf1 Qh1+ 31. Bg1 Nf4 32. Qe3 Bh6 33. Bc4 Qxg2+ 34. Ke1 Nd3+ 35. Bxd3 Bxe3 36. Bxe3 Qxf3 37. Nc4 g2 38. Be2 Qg3+ 39. Kd2 Bg4 40. Rxd7 Bxd7 41. Bxh5 Bg4 42. Bxg4 Qxg4 0-1

[Event "Lodz-ch"]
[Site "Lodz"]
[Date "1998.??.??"]
[Round "?"]
[White "Gorecki, Andrzej"]
[Black "Balcerowski, Witold"]
[Result "1/2-1/2"]
[WhiteElo "2165"]
[BlackElo "2235"]
[PlyCount "22"]
[EventDate "1998.??.??"]
[EventType "tourn"]
[EventRounds "11"]
[EventCountry "POL"]
[SourceTitle "EXT 2002"]
[Source "ChessBase"]
[SourceDate "2001.11.25"]
[SourceVersion "1"]
[SourceVersionDate "2001.11.25"]
[SourceQuality "1"]

1. d4 g6 2. c4 Bg7 3. e4 d6 4. Nc3 Nc6 5. d5 Nd4 6. Be3 e5 7. dxe6 Nxe6 8. Nf3 Ne7 9. Be2 0-0 10. 0-0 f5 11. Nd5 f4 1/2-1/2